=LDR 00000nam 2200000 4500 =001 INLIS000000000031838 =005 20130612133901 =008 ***********************************ind** =035 ##$$0010-061300000031838 =041 ##$$a ind =082 ##$$a 347.01 =090 ##$$a R.347.01, Ind u =245 ##$$a Undang-undang Republik Indonesia No. 8 Tahun 2004 Tentang Perubahan Atas Undang-undang No. 2 Tahun 1986 Tentang Peradilan Umum =260 ##$$a [S.a] $b Surabaya =300 ##$$a iv,92 hlm., 21 cm =650 ##$$a PENGADILAN =850 ##$$a NBPNMAT